Lịch sử văn học Việt Nam Sách dùng trong các trường đại học và cao đẳng sư phạm Tập 4B Văn học viết: Thời kỳ 2. Giai đoạn 2: Đầu thế kỷ XX-1930
Văn học Việt Nam đầu thế kỷ XX-1930; Văn học cách mạng, nô dịch, hợp pháp; Phong trào Đông kinh nghĩa thục; Thân thế, sự nghiệp, nội dung và nghệ thuật thơ văn của Phan Bội Châu và Tản Đà
שמור ב:
| מחבר ראשי: | |
|---|---|
| מחברים אחרים: | |
| פורמט: | ספר |
| שפה: | Vietnamese |
| יצא לאור: |
H.
Giaó dục
1978
|
| מהדורה: | In lần 5 có sửa chữa |
| סדרה: | Sách đại học sư phạm
|
| נושאים: | |
| תגים: |
הוספת תג
אין תגיות, היה/י הראשונ/ה לתייג את הרשומה!
|
| Thư viện lưu trữ: | Mạng thư viện Đại học Đà Nẵng |
|---|
| LEADER | 01687nam a2200397 4500 | ||
|---|---|---|---|
| 001 | 000003987 | ||
| 003 | 115 | ||
| 005 | 20121211001233.0 | ||
| 008 | 110713s1978 viesd | ||
| 020 | |c 0 | ||
| 041 | 0 | |a vie | |
| 082 | |a 895.922 |b LIC | ||
| 100 | 0 | |a Lê Trí Viễn | |
| 245 | 1 | 0 | |a Lịch sử văn học Việt Nam |b Sách dùng trong các trường đại học và cao đẳng sư phạm |c Lê Trí Viễn, Nguyễn Đình Chú.. |n Tập 4B |p Văn học viết: Thời kỳ 2. Giai đoạn 2: Đầu thế kỷ XX-1930 |
| 250 | |a In lần 5 có sửa chữa | ||
| 260 | |a H. |b Giaó dục |c 1978 | ||
| 300 | |a 137 tr. |c 19 cm. | ||
| 490 | |a Sách đại học sư phạm | ||
| 500 | |a Sách đại học sư phạm | ||
| 520 | |a Văn học Việt Nam đầu thế kỷ XX-1930; Văn học cách mạng, nô dịch, hợp pháp; Phong trào Đông kinh nghĩa thục; Thân thế, sự nghiệp, nội dung và nghệ thuật thơ văn của Phan Bội Châu và Tản Đà | ||
| 653 | |a Lịch sử văn học | ||
| 653 | |a Việt nam | ||
| 653 | |a Giáo trình | ||
| 700 | |a Nguyễn Đình Chú | ||
| 773 | |t Lịch sử văn học Việt Nam |w 110 | ||
| 910 | |a Tăng Thị Thu Sương |d 13/7/2011 | ||
| OWN | |a LSP | ||
| AVA | |a UDN50 |b LSP |d 895.922 LIC |e available |t Error 5001 Not defined in file expand_doc_bib_avail. |f 4 |g 0 |h N |i 0 |k 1 | ||
| 999 | |a From the UDN01 | ||
| AVA | |a UDN50 |b LSP |d 895.922 LIC |e available |t Error 5001 Not defined in file expand_doc_bib_avail. |f 4 |g 0 |h N |i 0 |k 1 | ||
| TYP | |a Monograph | ||
| TYP | |a Printed language | ||
| 980 | |a Mạng thư viện Đại học Đà Nẵng | ||